Quizzes
Events
Quiz Creation
Community
Videos
Private Events
Remove Ads
Sign In
Join for FREE
Feedback
Dark Mode
Quiz Categories
Sports
Geography
Music
Movies
Television
Just For Fun
Miscellaneous
History
Literature
Language
Science
Gaming
Entertainment
Religion
Holiday
For Kids
Quiz Lab
Recent
Popular Today
Quiz Kudos Today
Editor Picks
Curator Picks
Quizzes by...
Day
Popularity
Type
Ratings
Length
Year
Community
Subscriptions
Recent Discussions
Orange Saloon
Badges
Playlists
Quests
Create
Leaderboards
Showdown
Live 5
Trivia Bingo
Activity
Puzzle Library
Sporcle Events
Private Events
Virtual Trivia
Globe League
Become a Host
Pub Owners
SporcleCon
Opinionation
Our Games
Videos
Blog
Mobile Apps
Partnerships
Remove Ads and Go Orange
Feedback
Sports
Athletes
MLB
NBA
NHL
NFL
Soccer
Sports Teams
WWE
NCAA
Football
Premier League
Basketball
Baseball
Hockey
Golf
Tennis
Cricket
Rugby
Auto Racing
Olympics
World Cup
Sports
Athletes
MLB
NBA
NHL
NFL
Soccer
Sports Teams
WWE
NCAA
Football
Premier League
Basketball
Baseball
Hockey
Golf
Tennis
Cricket
Rugby
Auto Racing
Olympics
World Cup
Random Quiz
Search Sporcle
×
Quiz Lab
Quiz Lab
Sports
last
Type in answers that appear in a list
Type in answers that appear in a list
Classic
Best Score? Go Orange.
Multi-Player Hall of Famer's Rookie Card (non HOF's) Stats
Can you name the other players who appear on the rookie card of a Hall of Famer?
By
stevebay
8m
20 Questions
80 Plays
80 Plays
80 Plays
Comments
Comments
Give Quiz Kudos
Give Quiz Kudos
-
- Ratings
hide this ad
Replay
Link that replays current quiz
Next Quiz
Link to next quiz in quiz playlist
You Got
0%
They Got
Avg Score
21%
Avg Friend Score
Upgrade to see
Score Distribution
Jump to the score distribution portion of the page
Score
0/20
Timer
08:00
0
Plays Today
Rookie Card
Last name of other player(s)
% Correct
1968 TOPPS NOLAN RYAN
Jerry Koosman
85%
1978 TOPPS PAUL MOLITOR
Mickey Klutts, Alan Trammell, & U.L. Washington
56.3%
1973 TOPPS MIKE SCHMIDT
Ron Cey & John Hilton
48.8%
1972 TOPPS CARLTON FISK
Mike Garman & Cecil Cooper
32.5%
1965 TOPPS JOE MORGAN
Sonny Jackson
27.5%
1982 TOPPS CAL RIPKEN JR.
Bob Bonner & Jeff Schneider
20%
1977 TOPPS ANDRE DAWSON
Gene Richards, John Scott, & Denny Walling
18.8%
1963 TOPPS WILLIE STARGELL
Brock Davis, Jim Gosger, & John Herrnstein
16.3%
1968 TOPPS JOHNNY BENCH
Ron Tompkins
16.3%
1964 TOPPS PHIL NIEKRO
Phil Roof
15%
Rookie Card
Last name of other player(s)
% Correct
1967 TOPPS ROD CAREW
Hank Allen
13.8%
1966 TOPPS DON SUTTON
Bill Singer
12.5%
1975 TOPPS JIM RICE
Dave Augustine, Pepe Mangual, & John Scott
12.5%
1975 TOPPS GARY CARTER
Marc Hill, Danny Meyer, & Leon Roberts
12.5%
1965 TOPPS STEVE CARLTON
Fritz Ackley
11.3%
1967 TOPPS TOM SEAVER
Bill Denehy
7.5%
1965 TOPPS JIM HUNTER
Rene Lachemann, Johnny Odom, & Skip Lockwood
6.3%
1965 TOPPS TONY PEREZ
Kevin Collins & Dave Ricketts
6.3%
1966 TOPPS FERGUSON JENKINS
Bill Sorrell
5%
1969 TOPPS ROLLIE FINGERS
Bob Floyd & Larry Burchart
5%
Quiz Playlist
Details
Report
Send in Message
Add To Playlist
Classic:
Type in answers that appear in a list
Last Updated: Feb 16, 2017
Quiz Scoreboard
CHALLENGE
Sign Up to Join the Scoreboard
Show All
Scores
Hide
Comments
May contain spoilers
Recently Published
1-10 Letter E Words III
by El_Dandy
Language
2m
One Thing in Common: World Cities II
by knightlancer
Geography
7m
Popular People in 1961
by mucciniale
History
6m
More to Explore
Quiz From the Vault
Featured Blog Post
Where Did the Easter Bunny Come From?
hide this ad
You Might Also Like...
Tags
Famer
hall
hof
last
Multiplayer
Player
rookie
Today's Top Quizzes in Sports
Browse Sports
hide this ad
Today's Top Quizzes in last
Browse last
Top Contributed Quizzes in Sports
1
Les meilleurs buteurs des matchs entre le PSG et l’OM
2
Les entraîneurs de l'OM et du PSG au 21e siècle
3
FIFA Club World Cup Champions
4
2022 World Cup Stars
5
Name the Premier League winners with different clubs
6
La finale Lions - Afrique du Sud 2021
7
Criteria MLB: Left Handed Sluggers
8
Players with Multiple 50 Home Run Seasons
9
MLB Players with Two .350 Batting Average Seasons
10
MLB Hall of Famer by Rings
Explore More
Trending Topics
Disney
Anime
Marvel
Kpop
NBA
Crossword
Harry Potter
The Office
Country
Pokémon
Soccer
Song
NFL
WWE
Puzzle
hide this ad
More By:
stevebay
Quiz
Plays
Rating
Category
Featured
Created
Multi-Player Hall of Famer's Rookie Card
229
5.00
Sports
Jan 9, 2012
Teams who won a Super Bowl, but have a losing SB record
112
5.00
Sports
Feb 6, 2012
Players appearing on 1980's Topps Football Card Wax Boxes
106
Sports
Jan 4, 2012
Last Team of Hall of Famers
94
Sports
Dec 30, 2015
First team that these World Series MVP's played for
87
5.00
Sports
Nov 9, 2015
Go to Creator's Profile
Score Distribution
Quiz Creator Spotlight
stevebay
Follow
Send a Message
Quizzes Created
-
Created Quiz Play Count
-
More By This Creator
Popular Quizzes Today
1
Find the US States - No Outlines Minefield
2
Find the Countries of Europe - No Outlines Minefield
3
The Countries of the World
4
Popular People in 1961
5
1-10 Letter E Words III
6
Find the US States
7
One Thing in Common: World Cities II
8
US States
More Sports Quizzes
MLB Teams' Most Recent Rookie of the Year
Published
Trending Quizzes
Risky Map Clicking: Least Populous States A-Z
1-10 Letter F Words
1-10 Letter G Words
One Thing in Common: United Kingdom
Risky Map Clicking: Biggest States A-Z
Recently Updated
Leaping Animals
pecheneg
Reality TV Shows (A-Z)
bhenderson79
Rickey Henderson's Hall of Fame Teammates
pecheneg
Champions League XIs: Arsenal
pecheneg
Quick Pick: Celebrities in WWE's Hall of Fame
aduchscher
A-Z Keypad Blitz II
pecheneg
Multiple Oscar Actors
pecheneg
Mystery Phrase Blitz: Oscar 'Best Actors'
pecheneg
F. Scott Fitzgerald Novels
LTH
Pick 3 Villains
ddd62291
Trending Topics
NBA
Harry Potter
Anime
Disney
Kpop
Crossword
Marvel
The Office
Pokémon
Song
WWE
Soccer
Country
NFL
Puzzle
Your Account Isn't Verified!
In order to create a playlist on Sporcle, you need to verify the email address you used during registration. Go to your
Sporcle Settings
to finish the process.
Report this User
Report this user for behavior that violates our
Community Guidelines
.
Details:
Send Report
Go to the Sporcle.com Mobile Site →
Comments